Revista Saqsaywaman / (Record no. 21994)

000 -CABECERA
fixed length control field 01931nam a22003257a 4500
003 - IDENTIFICADOR DEL NÚMERO DE CONTROL
control field AR-CdUCM
008 - DATOS DE LONGITUD FIJA--INFORMACIÓN GENERAL
fixed length control field 190425b ||||| |||| 00| 0 spa d
040 ## - FUENTE DE LA CATALOGACIÓN
Agencia/entidad que catalogó originalmente la obra MUNICIPALIDAD PROVINCIAL DEL CUSCO
Entidad que transcribió la catalogación BIBLIOTECA MUNICIPAL DEL CUSCO
082 ## - NÚMERO DE LA CLASIFICACIÓN DECIMAL DEWEY
No. de Clasificación Saqsaywaman/N°1/1970
110 ## - ENTRADA PRINCIPAL--NOMBRE DE ENTIDAD CORPORATIVA
Nombre de la institución, jurisdicción como entrada principal Patronato Departamental de Arqueología del Cuzco
9 (RLIN) 47095
245 ## - MENCIÓN DE TÍTULO
Título Revista Saqsaywaman /
Mención de responsabilidad Ministerio de Educación Pública, Patronato Departamental de Arqueología del Cuzco
260 ## - PUBLICACIÓN, DISTRIBUCIÓN, ETC.
Lugar de publicación, distribución, etc. Cusco.
Nombre de la editorial, distribuidor, etc. Garcilaso,
Fecha de publicación, distribución, etc. 1970.
300 ## - DESCRIPCIÓN FÍSICA
Nº de Páginas Extensión 192 páginas. :
Otros detalles físicos ilustraciones, mapas ;
Dimensiones 24 cm.
440 ## - MENCIÓN DE SERIE/PUNTO DE ACCESO ADICIONAL--TÍTULO
Título Revista Saqsaywaman.
Número de la parte/sección de una obra N°1, julio 1970.
9 (RLIN) 47096
505 ## - NOTA DE CONTENIDO CON FORMATO
Nota de contenido formateada Contenido: Trabajos de limpieza y consolidación, estudio e investigación. Luis A. Pardo. Oscar Ladrón de Guevara Avilés. -- Marco geográfico de Saccsayhuaman. Jorge de Olarte Estrada. -- Geología del grupo arqueológico de la fortaleza de Saccsayhuaman y sus vecindades. Calos Kalafatovich. -- Informe acerca de la flora de Sajsaiwaman. César Vargas Calderón. -- La fortaleza de Saccsayhuaman. Luis A. Pardo. -- Las microesculturas de Saqsaywaman. Alfredo Valencia Zegarra. -- Las tumbas de Saqsaywaman. Alfredo Valencia Zegarra. -- Saqsaywaman enterramiento en el sector de Rumipunku. Luis A. Pardo. -- La cerámica de Saqsaywaman. Jorge Yábar Moreno y Fidel Ramos Condori.
650 ## - PUNTO DE ACCESO ADICIONAL DE MATERIA--TÉRMINO DE MATERIA
Descriptor Arqueología cusqueña
9 (RLIN) 9322
650 ## - PUNTO DE ACCESO ADICIONAL DE MATERIA--TÉRMINO DE MATERIA
Descriptor Historia del Cusco
9 (RLIN) 1714
650 ## - PUNTO DE ACCESO ADICIONAL DE MATERIA--TÉRMINO DE MATERIA
Descriptor Inkas
9 (RLIN) 1899
650 ## - PUNTO DE ACCESO ADICIONAL DE MATERIA--TÉRMINO DE MATERIA
Descriptor Monumentos históricos
9 (RLIN) 6891
700 ## - PUNTO DE ACCESO ADICIONAL--NOMBRE DE PERSONA
Nombre Personal Pardo, Luis A
9 (RLIN) 25736
700 ## - PUNTO DE ACCESO ADICIONAL--NOMBRE DE PERSONA
Nombre Personal Ladrón de Guevara Avilés, Oscar
9 (RLIN) 46572
700 ## - PUNTO DE ACCESO ADICIONAL--NOMBRE DE PERSONA
Nombre Personal De Olarte Estrada, Jorge
9 (RLIN) 46801
700 ## - PUNTO DE ACCESO ADICIONAL--NOMBRE DE PERSONA
Nombre Personal Vargas Calderón, César
9 (RLIN) 31066
700 ## - PUNTO DE ACCESO ADICIONAL--NOMBRE DE PERSONA
Nombre Personal Valencia Zegarra, Alfredo
9 (RLIN) 18086
700 ## - PUNTO DE ACCESO ADICIONAL--NOMBRE DE PERSONA
Nombre Personal Yábar Moreno, Jorge
9 (RLIN) 46561
700 ## - PUNTO DE ACCESO ADICIONAL--NOMBRE DE PERSONA
Nombre Personal Ramos Condori, Fidel
9 (RLIN) 32486
856 ## - LOCALIZACIÓN Y ACCESO ELECTRÓNICOS
Identificador Uniforme de Recurso (URI) <a href="http://bvirtual.culturacusco.gob.pe/items/show/114">http://bvirtual.culturacusco.gob.pe/items/show/114</a>
Nota pública Leer en digital
942 ## - ELEMENTOS DE PUNTO DE ACCESO ADICIONAL (KOHA)
Fuente de clasificación
Tipo de item Revistas cusqueñas
945 ## - PROCESAMIENTO DE INFORMACIÓN LOCAL (OCLC)
Catalogador rac
Holdings
Estado de retiro (separado) Fuente de clasificación o esquema de estanterías Estado dañado Ubicación Sala donde se ubica Nombre de la colección Fecha de adquisición o compra Costo, precio normal en soles Signatura topográfica Código de Barras Última vez visto (Koha) Tipo de ítem (Koha)
No     Sala Hemeroteca Sala Hemeroteca Book Cart 2022-02-02 10.00 Saqsaywaman/N°1/1970 REVC000510 2022-02-02 Revistas cusqueñas

Powered by Koha